书目信息 |
| 题名: |
儿童身体训练动作手册
|
|
| 作者: | 王雄 主编 | |
| 分册: | 拉伸训练 | |
| 出版信息: | 北京 人民邮电出版社 2020 |
|
| 页数: | XXIII,103页 | |
| 开本: | 24cm | |
| 丛书名: | 儿童身体训练动作指导丛书 | |
| 单 册: | ||
| 中图分类: | G808.17-62 , G808.1 | |
| 科图分类: | ||
| 主题词: | 儿童--身体训练--手册 | |
| 电子资源: | ||
| ISBN: | 978-7-115-52019-7 | |
| 000 | 01463nam2 2200301 450 | |
| 001 | 2139668790 | |
| 005 | 20210107110118.50 | |
| 010 | @a978-7-115-52019-7@dCNY42.00 | |
| 100 | @a20200525d2020 em y0chiy50 ea | |
| 101 | 0 | @achi |
| 102 | @aCN@b110000 | |
| 105 | @aak az 000yy | |
| 200 | 1 | @a儿童身体训练动作手册@9er tong shen ti xun lian dong zuo shou ce@i拉伸训练@b专著@f王雄主编 |
| 210 | @a北京@c人民邮电出版社@d2020 | |
| 215 | @aXXIII,103页@c照片@d24cm | |
| 225 | 2 | @a儿童身体训练动作指导丛书 |
| 300 | @a人邮体育 中国青少年体能训练帅认证参考教材 全国体育运动学校联合会专业推荐 | |
| 314 | @a王雄,清华大学运动人体科学硕士,体育教育训练学博士,副研究员;国家体育 总 局训练局体能训练中心创建人、负责人;国家体育 总 局备战2012伦敦奥运会身体功能训练团队召集人,备战2016里约奥运会身体功能训练团队体能训练组组长。 | |
| 320 | @a有书目(第103页) | |
| 330 | @a“儿童身体训练动作指导丛书”共7册,是中国青少年体能训练师认证参考教材,并得到了全国体育运动学校联合会的专业推荐。丛书由国家体 育 总 局训练局体能训练中心创建人、负责人王雄主编,并由多位国内儿童和青少年体能训练专家、体育教育专家和奥运冠 军担任专家顾问,旨在帮助儿童进行正确的动作练习,得到科学的锻炼指导。本册为《拉伸训练》。 | |
| 461 | 0 | @12001 @a儿童身体训练动作指导丛书 |
| 517 | 1 | @a拉伸训练@9la shen xun lian |
| 606 | 0 | @a儿童@x身体训练@j手册 |
| 690 | @aG808.17-62@v5 | |
| 690 | @aG808.1@v4 | |
| 701 | 0 | @a王雄@9wang xiong@4主编 |
| 801 | 2 | @aCN@b58marc.cn@c20200718 |
| 905 | @aZUCC@dG808.1@e6-3 | |
| 儿童身体训练动作手册.拉伸训练/王雄主编.-北京:人民邮电出版社,2020 |
| XXIII,103页:照片;24cm.-(儿童身体训练动作指导丛书) |
| 人邮体育 中国青少年体能训练帅认证参考教材 全国体育运动学校联合会专业推荐 |
| ISBN 978-7-115-52019-7:CNY42.00 |
| “儿童身体训练动作指导丛书”共7册,是中国青少年体能训练师认证参考教材,并得到了全国体育运动学校联合会的专业推荐。丛书由国家体 育 总 局训练局体能训练中心创建人、负责人王雄主编,并由多位国内儿童和青少年体能训练专家、体育教育专家和奥运冠 军担任专家顾问,旨在帮助儿童进行正确的动作练习,得到科学的锻炼指导。本册为《拉伸训练》。 |
| ● |
| 相关链接 |
|
|
|
正题名:儿童身体训练动作手册
索取号:G808.1/6-3
 
预约/预借
| 序号 | 登录号 | 条形码 | 馆藏地/架位号 | 状态 | 备注 |
| 1 | 2000879817 | 2000879817 | 第二书库/ [索取号:G808.1/6-3] | 在馆 | |
| 2 | 2000879818 | 2000879818 | 第二书库/ [索取号:G808.1/6-3] | 在馆 | |
| 3 | 2000879819 | 2000879819 | 第二书库/ [索取号:G808.1/6-3] | 在馆 |